| 000 | 00943pam a2200277 a 4500 | ||
|---|---|---|---|
| 001 | 015523176 | ||
| 003 | Uk | ||
| 005 | 20121128135738.0 | ||
| 008 | 101123t20102009stkacf b 001 0 eng c | ||
| 020 | _a9781845965990 (pbk.) : | ||
| 020 | _a184596599X (pbk.) : | ||
| 082 | 0 | 4 |
_a303.6609 _222 _bSMI |
| 100 | 1 |
_aSmith, Lyn, _d1934- _931557 |
|
| 245 | 1 | 0 |
_aVoices Against War : _ba Century of Protest / _cLyn Smith. |
| 260 |
_aEdinburgh : _bMainstream, _c2010, c2009. |
||
| 300 |
_a343 p., [8] p. of plates : _bill., ports. ; _c20 cm. |
||
| 500 | _aPublished in association with the Imperial War Museum. | ||
| 500 |
_aFormerly CIP. _5Uk |
||
| 504 | _aIncludes bibliography (p. 325-327) and index. | ||
| 650 | 0 |
_aAnti-war demonstrations _xHistory. _931558 |
|
| 650 | 0 |
_aPacifists _xHistory. _931559 |
|
| 653 |
_bPol _cNovember2012 |
||
| 690 | 7 |
_aSocial Welfare _2blcoll |
|
| 710 | 2 |
_aImperial War Museum (Great Britain) _931560 |
|
| 942 |
_2ddc _cBB |
||
| 999 |
_c17124 _d17096 |
||